000 00790cam a22002414a 4500
001 15114179
005 20180115094022.0
008 071214s2007 caua b 001 0 eng
010 _a 2007299842
020 _a9780321293909 (pbk.)
020 _a0321293908 (pbk.)
040 _aDLC
_cDLC
_dDLC
041 _aeng
080 _a006.696 PER
082 0 0 _a006.696 PER
_222
100 1 _a28
101 _aSHK
245 1 0 _aActionScript 3.0 for Adobe Flash CS3 professional :
_cby Todd Perkins.
504 _aIncludes bibliographical references and index.
906 _a7
_bcbc
_corignew
_d2
_encip
_f20
_gy-gencatlg
942 _2ddc
_cBK
999 _c40315
_d40315